The Parent Trap - Statistics

General Stats
  • This quiz has been taken 398 times
  • The average score is 11 of 19
Answer Stats
Hint Answer % Correct
What does the mother design for a living? Wedding dresses
92%
Who smells of peppermint and pipe tobacco? Grandfather
78%
What does the father own and lives within? (Hint: Wine) Vineyard
77%
What are the twins names? Annie and Hallie
75%
What does Meredith use to scare off the 'Mountain Lions'? Sticks
72%
How did the twins know they were twins? (What was the object) Photo
69%
What does the father fall into whilst staying at The Stafford Hotel? Pool
69%
What is the name of the mothers' butler? Martin
66%
What is the name of Hallie's teddy? Cuppy
64%
What year was it when the movie got released? 1998
63%
What does the family eat whilst on their camping trip? Trout
61%
What number was on the sheet of paper that was faxed? 911
59%
What is the mothers' full name? Elizabeth James
52%
What is the name of the dog? Sammy
52%
What is the name of the fathers' housekeeper? Chessy
46%
What is the name of the place where the twins are sent for the Summer? Camp Walden
43%
What is the fathers' full name? Nick Parker
42%
Finish the quote: "You can call me..." Aunt Vicky
32%
What form of transport does the father and one of the twins use to get to London quicker? Concorde
24%
No matching quizzes found
Score Distribution
Percent of People with Each Score
Percentile by Number Answered
Your Score History
You have not taken this quiz